000 00543nam a2200193Ia 4500
003 OSt
005 20240321154743.0
008 210210b1981 xxu||||| |||| 00| 0 eng d
040 _cAL
041 _aKannada
082 _aK894.3 DISI
100 _aDISOJA (Na).
_dನಾ ಡಿಸೋಜ
_9156117
245 _aIkkeriyalli kranti.
_bಇಕ್ಕೇರಿಯಲ್ಲಿ ಕ್ರಾಂತಿ
260 _aBengaluru
_bSamyukta Prakashana
_c1981
300 _aiv,176
690 _aKannada Fiction
_9156118
906 _a035431
942 _2ddc
_cBK
999 _c85962
_d85962